00417nam a2200157Ia 4500003000400000005001700004008004100021020001800062040000900080082001800089100001600107245007600123260003700199300000900236650001400245OSt20200821145439.0190216s9999||||xx |||||||||||||| ||und|| a9788131765272 coclc a615.19bBHA/P aBhasin, S K 0aPharmaceutical Physical Chemistry :bTheory and Practices /cS K Bhasin bPearson,c2012.aDelhi- Chennai: a593p aChemistry